000 01848nam0a2200385 4500
001 RU\NLR\bibl\538659
005 20260405141751.0
010 _a5-94361-097-9
_bв обл.
_93000
021 _aRU
_b2004-6852
_9350
035 _aRSL-KNO-002409829
035 _a(NLR Aleph) 000530916
090 _a1352521
_c1352521
100 _a20040312d2004 |||y0rusy50 ca
101 0 _arus
102 _aRU
105 _ay |||||||||
106 _ar
200 1 _aПФР: персонифицированный учет
_eНовые формы. Правила заполнения форм. Порядок представления отчетности. Требования Пенс. фонда РФ
_eСлож. вопр. Практ. примеры
_e[Учеб. пособие для фак. повышения квалификации и учеб. заведений]
_fЕ. А. Котко
205 _a2-е изд., перераб. и доп.
210 _aМ.
_cИнформцентр XXI в.
_d2004
_eПИК ВИНИТИ
215 _a201, [2] с.
_cтабл.
_d21
225 1 _aПрактические рекомендации для бухгалтера и руководителя
_fПод общ. ред. Г.Ю. Касьяновой
225 1 _aТруд и зарплата
606 0 _aУчет индивидуальный
_jПрактические пособия
_92126828
_3RU\NLR\auth\661283658
610 0 _aпенсионные взносы
686 _aУ9(2)271.22,0
_2rubbk
686 _aУ052.9(2)20-146.45,0
_2rubbk
686 _aУ052.9(2)2я7
700 1 _4070
_8rus
_7ca
_aКотко
_bЕ. А.
_gЕлена Анатольевна
_3RU\NLR\auth\7757779
_940711
801 0 _aRU
_bRuMoRKP
_c20040312
_gPSBO
801 1 _aRU
_bRuMoRKP
_c20040312
801 2 _aRU
_bNLR
_c20040709
_gPSBO
942 _cBOOK
980 _aNB